Digital Design (Record no. 308328)

MARC details
000 -LEADER
fixed length control field 00434nam a2200169Ia 4500
008 - FIXED-LENGTH DATA ELEMENTS--GENERAL INFORMATION
fixed length control field 230718s9999 xx 000 0 und d
041 ## - LANGUAGE CODE
Language code of text/sound track or separate title eng
082 ## - DEWEY DECIMAL CLASSIFICATION NUMBER
Classification number 621.395
Item number WAK
100 ## - MAIN ENTRY--PERSONAL NAME
Personal name Wakerly J.F.
245 ## - TITLE STATEMENT
Title Digital Design
Remainder of title Principles and Practices
250 ## - EDITION STATEMENT
Edition statement 3rd ed.
260 ## - PUBLICATION, DISTRIBUTION, ETC. (IMPRINT)
Date of publication, distribution, etc. 2004
Name of publisher, distributor, etc. Pearson
300 ## - PHYSICAL DESCRIPTION
Extent 946
365 ## - TRADE PRICE
Currency code Rs.
Price amount 360.00
700 ## - ADDED ENTRY--PERSONAL NAME
Personal name Wakerly J.F.
906 ## - LOCAL DATA ELEMENT F, LDF (RLIN)
d B:5208/19.07.200415-Sep-2005
c ETC
b 72
Holdings
Withdrawn status Lost status Damaged status Not for loan Home library Current library Date acquired Vendor Budget Code Cost, normal purchase price Bill number Full call number Barcode Date last seen Discount Cost, replacement price Bill Date Koha item type Original Barcode
Withdrawn       Cummins College of Engineering for Women Pune Cummins College of Engineering for Women Pune 14/08/2004 Technical Book Services ETC 288.00 5208/19.07.2004 621.395 CCEP-BK-19535 18/07/2023 72 360.00 15/09/2005 Books 019535